000 00708nam a2200253Ia 4500
003 OSt
005 20221007074611.0
006 a|||||r|||| 00| 0
007 ta
008 221006b |||||||| |||| 00| 0 eng d
024 _a21,571
037 _cTextual
040 _aFLL
_cFLL
_beng
041 _2eng
_aeng
082 _aZ2:83, H4
100 _aChitaley V. V.
245 0 _aThe court-fees act (vii of 1870) & the suits valuation act, 1887
250 _a1st
260 _aNagpur
_bThe All India Reporter Ltd. India
_c1944
300 _axvi,880,iv
_ccm.
700 _a Rao S. Appu
_9684036
942 _hZ2:83, H4
_cTEXL
_2CC
999 _c1153011
_d1153011